000 00534nam a2200157Ia 4500
008 210716s2001 xx 000 0 und d
020 _a0130179817
041 _aeng
082 _a658.15 KEOA
100 _aKeown, Arthur J;Martin, John D;Petty, J William;Scott, David F.
245 _aFoundations of finance: the logic and practice of financial management.
_bLogic and practice of financial management.
250 _a3
260 _aNew Jersey
_bPrentice Hall
_c2001
300 _axxxi,585
650 _aFinancial Management(658.15)
999 _c202992
_d202992